Manual de enfermería Zamora (Record no. 13901)
[ view plain ]
| 000 -CABECERA | |
|---|---|
| campo de control de longitud fija | 02111nam a2200325 4500 |
| 003 - IDENTIFICADOR DEL NÚMERO DE CONTROL | |
| campo de control | EC-UNACH |
| 005 - FECHA Y HORA DE LA ÚLTIMA TRANSACCIÓN | |
| campo de control | 20250925113421.0 |
| 006 - CÓDIGOS DE INFORMACIÓN DE LONGITUD FIJA--CARACTERÍSTICAS DEL MATERIAL ADICIONAL | |
| campo de control de longitud fija | s||||gr|||| 00| 00 |
| 008 - DATOS DE LONGITUD FIJA--INFORMACIÓN GENERAL | |
| campo de control de longitud fija | 150116t9999 mx r gr 000 0 spa d |
| 040 ## - FUENTE DE LA CATALOGACIÓN | |
| Centro catalogador/agencia de origen | EC-UNACH |
| Centro/agencia transcriptor | EC-UNACH |
| 041 ## - CÓDIGO DE LENGUA | |
| Código de lengua del texto/banda sonora o título independiente | spa |
| 082 04 - NÚMERO DE LA CLASIFICACIÓN DECIMAL DEWEY | |
| Número de edición | 23 |
| Número de clasificación | 610.73 |
| Número de documento/Ítem | L000842 |
| 245 ## - MENCIÓN DE TÍTULO | |
| Título | Manual de enfermería Zamora |
| 250 ## - MENCIÓN DE EDICIÓN | |
| Mención de edición | Segunda edición |
| 264 ## - Producción, publicación, distribución, fabricación y copyright | |
| Lugar de producción, publicación, distribución, fabricación | Bogotá - Colombia |
| Nombre del de productor, editor, distribuidor, fabricante | Zamora editores |
| Fecha de de producción, publicación, distribución, fabricación o copyright | Sin fecha |
| 300 ## - DESCRIPCIÓN FÍSICA | |
| Extensión | 1168 páginas |
| Otras características físicas | Imágenes, cuadros |
| 505 ## - NOTA DE CONTENIDO CON FORMATO | |
| Nota de contenido con formato | Índice general -- 1. Proceso de atención de enfermería -- 2. Diagnostico técnicas y tratamiento --3. Enfermería médico-quirúrgica -- 4. Sistema cardiovascular -- 5. Sangre -- 6. Dermatología --7. Sistema digestivo --8. Salud mental -- 9. Neurología --10. Ginecología -- 11. Sistema musculoesquelético --12. Sistema respiratorio -- 13. Pediatría -- 14. Oftalmología y otorrinolaringología -- 15. Atención materno perinatal -- 16. Planificación familiar -- 17. Adaptaciones del embarazo y desarrollo fetal -- 18. Aspectos nutricionales del embarazo y el puerperio -- 19. Valoración de enfermería de la embarazada -- 20. Valoración y cuidados de enfermería del neonato normal y el de alto riesgo -- 21. Farmacología y farmacoterapia -- 22. Antibióticos -- 23 Fármacos para cardiovascular -- 24. Fármacos para sistema digestivo -- 25. Fármacos para sistema endocrino -- 26. Fármacos para sistema musculoesquelético -- 27. Fármacos para sistema nervioso -- 28. Fármacos para sistema respiratorio -- 29. Posiciones del enfermo -- 30. Diagnóstico de enfermería -- 31. Geriatría -- 32. Atención prehospitalaria -- 33. Enfermería comunitaria -- 34. Clases de catéteres -- 35. Anatómico. |
| 650 ## - PUNTO DE ACCESO ADICIONAL DE MATERIA--TÉRMINO DE MATERIA | |
| Término de materia o nombre geográfico como elemento inicial | SISTEMA CARDIOVASCULAR |
| 650 ## - PUNTO DE ACCESO ADICIONAL DE MATERIA--TÉRMINO DE MATERIA | |
| Término de materia o nombre geográfico como elemento inicial | OFTALMOLOGÍA |
| 650 ## - PUNTO DE ACCESO ADICIONAL DE MATERIA--TÉRMINO DE MATERIA | |
| Término de materia o nombre geográfico como elemento inicial | OTORRINOLARINGOLOGÍA |
| 650 ## - PUNTO DE ACCESO ADICIONAL DE MATERIA--TÉRMINO DE MATERIA | |
| Término de materia o nombre geográfico como elemento inicial | ANTIBIÓTICOS |
| 700 ## - PUNTO DE ACCESO ADICIONAL--NOMBRE DE PERSONA | |
| Nombre de persona | Lozada, Nuria |
| 700 ## - PUNTO DE ACCESO ADICIONAL--NOMBRE DE PERSONA | |
| Nombre de persona | Ríos, Mélida |
| 700 ## - PUNTO DE ACCESO ADICIONAL--NOMBRE DE PERSONA | |
| Nombre de persona | García, Angela |
| 700 ## - PUNTO DE ACCESO ADICIONAL--NOMBRE DE PERSONA | |
| Nombre de persona | Santana, Carlos |
| 942 ## - ELEMENTOS DE PUNTO DE ACCESO ADICIONAL (KOHA) | |
| Fuente del sistema de clasificación o colocación | Clasificación Decimal Dewey |
| Tipo de ítem Koha | Libros |
| 999 ## - NÚMEROS DE CONTROL DE SISTEMA (KOHA) | |
| Koha biblionumber | 13901 |
| Estado de pérdida | Fuente del sistema de clasificación o colocación | Estado dañado | No para préstamo | Localización permanente | Ubicación/localización actual | Ubicación en estantería | Fecha de adquisición | Fuente de adquisición | Número de inventario | Total de préstamos | Signatura topográfica completa | Código de barras | Fecha visto por última vez | Precio válido a partir de | Tipo de ítem Koha | Centro de costos |
|---|---|---|---|---|---|---|---|---|---|---|---|---|---|---|---|---|
| Clasificación Decimal Dewey | Biblioteca Campus Norte | Biblioteca Campus Norte | Centro de Idiomas - Facultad de Ciencias de la Salud | 25/09/2025 | Unach | 39933503 | 610.73 ZAM L000842 | L000842 | 25/09/2025 | 25/09/2025 | Libros |